00318 a2200133 450000100060000002000060000604000220001210000330003424000330006724500280010030000080012836200090013665000390014559118 a  cAnchieta - Pituba aReymont, Wladyslaw Stanislaw10aA lei do cnute e contoslpor10aA lei do cnute e contos a1960 a1971 4aLiteratura indo-européia e celta